[Event "Barranquilla Carnaval Cup"]
[Site "Barranquilla"]
[Date "2024.02.04"]
[Round "3"]
[White "Arrieta Hernandez, Cristian"]
[Black "Valle, Efrain"]
[Result "1-0"]
[WhiteElo "2160"]
[BlackElo "1927"]
[PlyCount "63"]
[EventDate "2024.02.03"]
[EventType "swiss"]
[EventRounds "9"]
[EventCountry "COL"]
[SourceTitle "CB07_2024"]
[SourceDate "2024.02.14"]
[SourceVersion "1"]
[SourceVersionDate "2024.02.14"]
[SourceQuality "1"]

1. b4 d5 2. Nf3 a5 3. b5 c5 4. c4 d4 5. e3 Bg4 6. h3 Bh5 7. g4 Bg6 8. Bg2 dxe3 9. fxe3 Qc7 10. 0-0 Nd7 11. Qe2 Nb6 12. Bb2 f6 13. Nc3 0-0-0 14. Nd5 Nxd5 15. cxd5 Rxd5 16. d4 Kb8 17. e4 Rd8 18. Rac1 e6 19. Ba3 b6 20. dxc5 Bxc5+ 21. Bxc5 bxc5 22. b6 Qb7 23. Nh4 e5 24. Qe3 Rd4 25. Rxc5 Nh6 26. Nf5 Qxb6 27. Rfc1 Rb4 28. Ne7 Rb1 29. Nc6+ Kb7 30. Nxa5+ Kb8 31. Rxb1 Qxb1+ 32. Rc1 1-0

[Event "Barranquilla Carnaval Cup"]
[Site "Barranquilla"]
[Date "2024.02.03"]
[Round "2"]
[White "Brito Carrascal, Isabela"]
[Black "Arrieta Hernandez, Cristian"]
[Result "0-1"]
[WhiteElo "1713"]
[BlackElo "2160"]
[PlyCount "120"]
[EventDate "2024.02.03"]
[EventType "swiss"]
[EventRounds "9"]
[EventCountry "COL"]
[SourceTitle "CB07_2024"]
[SourceDate "2024.02.14"]
[SourceVersion "1"]
[SourceVersionDate "2024.02.14"]
[SourceQuality "1"]

1. e4 c5 2. Nf3 Nc6 3. d4 cxd4 4. Nxd4 d6 5. Nc3 Nf6 6. Be2 e5 7. Nb3 h6 8. Be3 Be6 9. 0-0 d5 10. exd5 Nxd5 11. Nxd5 Qxd5 12. c3 Qxd1 13. Rfxd1 Be7 14. Nc5 Bc8 15. Bb5 f5 16. f3 Kf7 17. Nd7 Bf6 18. Nxf6 gxf6 19. Bxc6 bxc6 20. Rd6 Be6 21. Rxc6 f4 22. Rc7+ Kg6 23. Bxa7 Rhd8 24. b4 Rd2 25. a4 Bd5 26. b5 Rd8 27. c4 Ba8 28. a5 e4 29. Bb6 Rg8 30. fxe4 Bxe4 31. Bf2 Kf5 32. g3 Kg4 33. Re7 f5 34. Rf1 Rc2 35. b6 fxg3 36. hxg3 h5 37. a6 h4 38. Rxe4+ fxe4 39. a7 hxg3 40. Be3 Rb2 41. Ra1 Kf3 42. Bd4 Rg2+ 43. Kf1 Rf2+ 44. Ke1 Re2+ 45. Kd1 g2 46. Bg1 Rd8+ 47. Kc1 Re1+ 48. Kb2 Rd2+ 49. Kc3 Rd3+ 50. Kc2 Rxa1 51. b7 Rxg1 52. b8Q Rc1+ 53. Kxc1 g1Q+ 54. Kc2 Qf2+ 55. Kc1 Qe1+ 56. Kb2 Qc3+ 57. Ka2 Qa3+ 58. Kb1 Rd1+ 59. Kc2 Rc1+ 60. Kd2 e3# 0-1

[Event "Medellin Flores op 30th"]
[Site "Medellin"]
[Date "2023.08.07"]
[Round "9"]
[White "Crispin Ferreras, Darvi Abraham"]
[Black "Arrieta Hernandez, Cristian"]
[Result "0-1"]
[WhiteElo "2131"]
[BlackElo "2131"]
[PlyCount "55"]
[EventDate "2023.08.03"]
[EventType "swiss"]
[EventRounds "9"]
[EventCountry "COL"]
[SourceTitle "CBM 215 Extra"]
[Source "ChessBase"]
[SourceDate "2023.09.30"]
[SourceVersion "1"]
[SourceVersionDate "2023.09.30"]
[SourceQuality "1"]

1. e4 e6 2. d4 d5 3. Nc3 f5 4. exd5 exd5 5. Nf3 Be7 6. Bf4 c6 7. Bd3 Nf6 8. 0-0 0-0 9. Ne2 Ne4 10. Ne5 Nd7 11. c4 Nxe5 12. Bxe5 dxc4 13. Bxc4+ Kh8 14. Nf4 Bg5 15. Qd3 Bh6 16. Rad1 Nd6 17. Ne6 Bxe6 18. Bxe6 Qe7 19. d5 Ne4 20. Rfe1 cxd5 21. Bxd5 Qxe5 22. f3 Bf4 23. fxe4 Bxh2+ 24. Kh1 Bg3 25. Re2 Qf4 26. Ree1 Qe5 27. Re2 Qf4 28. Ree1 0-1

[Event "Medellin Flores op 30th"]
[Site "Medellin"]
[Date "2023.08.05"]
[Round "5"]
[White "Pinero Rodriguez, Carlos Jose"]
[Black "Arrieta Hernandez, Cristian"]
[Result "1-0"]
[WhiteElo "2246"]
[BlackElo "2131"]
[PlyCount "150"]
[EventDate "2023.08.03"]
[EventType "swiss"]
[EventRounds "9"]
[EventCountry "COL"]
[SourceTitle "CBM 215 Extra"]
[Source "ChessBase"]
[SourceDate "2023.09.30"]
[SourceVersion "1"]
[SourceVersionDate "2023.09.30"]
[SourceQuality "1"]

1. d4 e6 2. c4 d5 3. Nc3 f5 4. Bf4 Nf6 5. Nf3 c6 6. e3 Nbd7 7. c5 Nh5 8. Bd3 Be7 9. 0-0 0-0 10. Be5 Nhf6 11. h3 Ne4 12. Ne2 g5 13. Bh2 Bf6 14. Ne1 Bg7 15. f3 Nef6 16. g4 Qe8 17. Bd6 Rf7 18. Ng3 b6 19. b4 fxg4 20. fxg4 e5 21. Nf5 e4 22. Be2 Nf8 23. a4 bxc5 24. Nxg7 Kxg7 25. bxc5 Ng6 26. Ng2 Qd8 27. Qd2 Be6 28. Rab1 Qd7 29. Rb8 Rxb8 30. Bxb8 Qb7 31. Bd6 Qb3 32. a5 Rb7 33. a6 Rf7 34. Qe1 Qa2 35. Rf2 Ne8 36. Rxf7+ Kxf7 37. Bb8 Bc8 38. Bxa7 Nc7 39. Bb8 Bxa6 40. Qf1+ Kg7 41. Bxa6 Nxa6 42. Be5+ Kg8 43. Qf6 Qb1+ 44. Kh2 Qb7 45. Qd8+ Kf7 46. Qf6+ Kg8 47. Qxg5 Qe7 48. Qxe7 Nxe7 49. h4 Kf7 50. h5 Nb4 51. Kg3 Nd3 52. Bc7 h6 53. Nh4 Kg7 54. Bd6 Ng8 55. Nf5+ Kh7 56. Be7 Kh8 57. Bh4 Kh7 58. Kg2 Nb4 59. Kf2 Kh8 60. Ke2 Na6 61. Bd8 Nb8 62. Kf2 Na6 63. Bh4 Kh7 64. Ke2 Nb8 65. Kf2 Na6 66. g5 hxg5 67. Bxg5 Nc7 68. Kg3 Ne6 69. Kg4 Kh8 70. Ne7 Nxe7 71. Bxe7 Kg7 72. Kf5 Kf7 73. Bf6 Nf8 74. h6 Nh7 75. Bg7 Kg8 1-0

[Event "Medellin Feria de las Flores op"]
[Site "Medellin"]
[Date "2022.08.04"]
[Round "2"]
[White "Lopez Guarin, Simon"]
[Black "Arrieta Hernandez, Cristian"]
[Result "1/2-1/2"]
[WhiteElo "1555"]
[BlackElo "2168"]
[PlyCount "54"]
[EventDate "2022.08.03"]
[EventType "swiss"]
[EventRounds "9"]
[EventCountry "COL"]
[SourceTitle "CBM 209 Extra"]
[Source "ChessBase"]
[SourceDate "2022.09.30"]
[SourceVersion "1"]
[SourceVersionDate "2022.09.30"]
[SourceQuality "1"]

1. e4 e6 2. Nc3 d5 3. Nf3 f5 4. exf5 exf5 5. d4 Nf6 6. Bf4 Be7 7. Be2 a6 8. Ne5 0-0 9. Qd3 b5 10. a3 Be6 11. Bf3 Ra7 12. Ne2 Ne4 13. c3 g5 14. Bc1 c5 15. h4 c4 16. Qc2 g4 17. Bxe4 fxe4 18. Bh6 a5 19. Nf4 Ra6 20. Qe2 Rxf4 21. Bxf4 Qc8 22. f3 exf3 23. gxf3 h5 24. Kd2 b4 25. fxg4 bxc3+ 26. bxc3 hxg4 27. Rhg1 Rb6 1/2-1/2

[Event "Medellin Feria de las Flores op"]
[Site "Medellin"]
[Date "2022.08.03"]
[Round "1"]
[White "Arrieta Hernandez, Cristian"]
[Black "Ospina Betancur, Santiago"]
[Result "0-1"]
[WhiteElo "2168"]
[BlackElo "1667"]
[PlyCount "34"]
[EventDate "2022.08.03"]
[EventType "swiss"]
[EventRounds "9"]
[EventCountry "COL"]
[SourceTitle "CBM 209 Extra"]
[Source "ChessBase"]
[SourceDate "2022.09.30"]
[SourceVersion "1"]
[SourceVersionDate "2022.09.30"]
[SourceQuality "1"]

1. g3 f5 2. e4 fxe4 3. d3 exd3 4. Bxd3 Nf6 5. g4 g6 6. h4 d5 7. g5 Nh5 8. Nc3 c6 9. Nge2 Bg4 10. Rg1 Bf3 11. Qd2 e5 12. Qe3 e4 13. Nd4 Bc5 14. Nxe4 dxe4 15. Bxe4 Qxd4 16. Bxc6+ Kd8 17. Bxf3 Re8 0-1

[Event "Bogota El Tablazo op-A"]
[Site "Bogota"]
[Date "2022.06.23"]
[Round "1"]
[White "Cuellar Canosa, Nicolas"]
[Black "Arrieta Hernandez, Cristian"]
[Result "0-1"]
[WhiteElo "1811"]
[BlackElo "2012"]
[PlyCount "62"]
[EventDate "2022.06.23"]
[EventType "swiss"]
[EventRounds "10"]
[EventCountry "COL"]
[SourceTitle "EXT 2023"]
[Source "ChessBase"]
[SourceDate "2022.10.05"]
[SourceVersion "1"]
[SourceVersionDate "2022.10.05"]
[SourceQuality "1"]

1. e4 e6 2. Nf3 d5 3. Nc3 f5 4. exf5 exf5 5. d4 Nf6 6. Be2 Bd6 7. Bg5 c6 8. Ne5 0-0 9. f4 Qb6 10. Na4 Qa5+ 11. c3 Ne4 12. Bh4 b5 13. Nc5 Bxc5 14. dxc5 b4 15. Qd4 bxc3 16. b4 Qc7 17. 0-0 Nd7 18. Nxd7 Bxd7 19. Be1 Rfe8 20. Bd3 a5 21. Rf3 axb4 22. Qxb4 Qb8 23. Bxc3 Qxb4 24. Bxb4 Reb8 25. Bxe4 fxe4 26. Rb3 d4 27. a3 Be6 28. Rbb1 e3 29. Rd1 d3 30. Rac1 d2 31. Rb1 Bg4 0-1

[Event "Pereira Gildardo Garcia Memorial-B"]
[Site "Pereira"]
[Date "2022.05.22"]
[Round "9"]
[White "Pinillo Canon, Silvana"]
[Black "Arrieta Hernandez, Cristian"]
[Result "0-1"]
[WhiteElo "1774"]
[BlackElo "1863"]
[PlyCount "52"]
[EventDate "2022.05.18"]
[EventType "swiss"]
[EventRounds "9"]
[EventCountry "COL"]
[SourceTitle "CBM 208 Extra"]
[Source "ChessBase"]
[SourceDate "2022.07.31"]
[SourceVersion "1"]
[SourceVersionDate "2022.07.31"]
[SourceQuality "1"]

1. e4 e6 2. d4 d5 3. Nc3 c6 4. g3 f5 5. exd5 exd5 6. Bg2 Nf6 7. Nh3 Be7 8. 0-0 0-0 9. Re1 b5 10. a3 Nbd7 11. Nf4 Nb6 12. Nd3 Bd7 13. Ne2 Re8 14. b3 a5 15. Nef4 a4 16. Ne5 b4 17. axb4 Bxb4 18. Bd2 Bd6 19. Nfd3 Qc7 20. Bf4 Be6 21. c3 Ne4 22. Qc2 g5 23. Be3 axb3 24. Qxb3 Nc4 25. f3 Rxa1 26. Rxa1 Nxe3 0-1

[Event "Pereira Gildardo Garcia Memorial-B"]
[Site "Pereira"]
[Date "2022.05.19"]
[Round "2"]
[White "Arrieta Hernandez, Cristian"]
[Black "Pinzon, Luis Guillermo"]
[Result "1-0"]
[WhiteElo "1863"]
[BlackElo "1563"]
[PlyCount "87"]
[EventDate "2022.05.18"]
[EventType "swiss"]
[EventRounds "9"]
[EventCountry "COL"]
[SourceTitle "CBM 208 Extra"]
[Source "ChessBase"]
[SourceDate "2022.07.31"]
[SourceVersion "1"]
[SourceVersionDate "2022.07.31"]
[SourceQuality "1"]

1. Nf3 Nf6 2. c4 c5 3. Nc3 Nc6 4. e3 e5 5. Be2 h6 6. d4 exd4 7. exd4 cxd4 8. Nxd4 Bb4 9. 0-0 0-0 10. Bf3 Ne5 11. Nd5 Nxf3+ 12. Qxf3 Nxd5 13. Qxd5 d6 14. a3 Bc5 15. b4 Bxd4 16. Qxd4 Be6 17. Bb2 Qg5 18. f4 Qf6 19. Qxf6 gxf6 20. f5 Bxc4 21. Rf4 d5 22. Bxf6 Kh7 23. Rh4 Rfe8 24. Bg5 Kg7 25. Rxh6 Rh8 26. Rd6 Rhe8 27. h4 Re4 28. Rc1 Rae8 29. Rc3 Rg4 30. Kh2 a6 31. Kh3 Ree4 32. Bf6+ Kh7 33. Rd8 Rg8 34. Rd7 Reg4 35. Rxf7+ Kh6 36. Bg5+ R8xg5 37. hxg5+ Rxg5 38. g4 Be2 39. Rg3 d4 40. Kh4 Rg7 41. g5+ Kh7 42. g6+ Kh8 43. f6 Rg8 44. Rh7# 1-0

[Event "American World Cup Q Prelim"]
[Site "Tornelo INT"]
[Date "2021.05.09"]
[Round "9"]
[White "Arrieta Hernandez, Cristian"]
[Black "Almiron, Antonio"]
[Result "0-1"]
[WhiteElo "1863"]
[BlackElo "2366"]
[PlyCount "120"]
[EventDate "2021.05.08"]
[EventType "swiss (rapid)"]
[EventRounds "9"]
[EventCountry "USA"]
[SourceTitle "CBM 202 Extra"]
[Source "ChessBase"]
[SourceDate "2021.07.31"]
[SourceVersion "1"]
[SourceVersionDate "2021.07.31"]
[SourceQuality "1"]

1. e4 c5 2. Nf3 d6 3. d4 cxd4 4. Nxd4 Nf6 5. Nc3 a6 6. Be2 e5 7. Nb3 Be7 8. f4 b5 9. Bf3 Bb7 10. a3 Nbd7 11. Be3 exf4 12. Bxf4 Ne5 13. 0-0 0-0 14. Qe2 Qc7 15. Nd5 Nxd5 16. exd5 Bf6 17. Rad1 Rfe8 18. c3 Ng6 19. Qd2 Nxf4 20. Qxf4 Be5 21. Qh4 g6 22. Rfe1 Rac8 23. Qf2 Bg7 24. Nd4 Qc5 25. Nc6 Qxf2+ 26. Kxf2 Bf6 27. Na5 Ba8 28. Rxe8+ Rxe8 29. Be2 Rc8 30. Bg4 Rc5 31. Bf3 h5 32. Rd3 Kf8 33. Ke2 Rc7 34. Kd2 Bd8 35. Nc6 Bg5+ 36. Kc2 Bb7 37. Kb3 Bc8 38. a4 Bf5 39. Rd4 Be3 40. Rh4 Bf2 41. g3 Rb7 42. axb5 Rxb5+ 43. Rb4 Bg1 44. c4 Rxb4+ 45. Nxb4 Bc8 46. h3 Bxh3 47. Nxa6 Bf2 48. Kc3 Bxg3 49. b4 Bc8 50. Nb8 Bf2 51. Nc6 h4 52. Nd4 g5 53. c5 dxc5 54. bxc5 g4 55. Be4 h3 56. d6 g3 57. c6 Bxd4+ 58. Kxd4 g2 59. d7 g1Q+ 60. Ke5 Qc5+ 0-1

[Event "American World Cup Q Prelim"]
[Site "Tornelo INT"]
[Date "2021.05.08"]
[Round "2"]
[White "Spata, German"]
[Black "Arrieta Hernandez, Cristian"]
[Result "0-1"]
[WhiteElo "2290"]
[BlackElo "1863"]
[PlyCount "230"]
[EventDate "2021.05.08"]
[EventType "swiss (rapid)"]
[EventRounds "9"]
[EventCountry "USA"]
[SourceTitle "CBM 202 Extra"]
[Source "ChessBase"]
[SourceDate "2021.07.31"]
[SourceVersion "1"]
[SourceVersionDate "2021.07.31"]
[SourceQuality "1"]

1. d4 e6 2. c4 d5 3. Nf3 f5 4. Bf4 Nf6 5. e3 c6 6. Be2 Be7 7. 0-0 0-0 8. h3 Nbd7 9. Nc3 Ne4 10. Bh2 Qb6 11. Qc2 a5 12. Rab1 Ndf6 13. Ne5 Qd8 14. f3 Nd6 15. Rfd1 Bd7 16. a3 Be8 17. b4 b5 18. c5 Nf7 19. a4 axb4 20. Rxb4 Nxe5 21. Bxe5 Nd7 22. Bg3 Qa5 23. Rdb1 Nxc5 24. dxc5 Bxc5 25. Nxd5 Bxb4 26. Nxb4 Qxa4 27. Qc5 Qa7 28. Bd6 Qxc5 29. Bxc5 Rf7 30. f4 Rd7 31. Bd4 Rc7 32. Rc1 Ra4 33. Nd3 Rc4 34. Rxc4 bxc4 35. Nc5 Bf7 36. Bxc4 Re7 37. Be5 Re8 38. Kf2 h6 39. g4 Kf8 40. Kf3 Kg8 41. e4 Kf8 42. Ke3 Kg8 43. g5 hxg5 44. fxg5 Kf8 45. h4 Kg8 46. Kf4 fxe4 47. Nxe4 Ra8 48. Nd6 Ra4 49. Ke3 Ra3+ 50. Kd4 Rh3 51. g6 Rxh4+ 52. Kc5 Bxg6 53. Bxe6+ Kh7 54. Kxc6 Rh1 55. Bd5 Rc1+ 56. Kd7 Rd1 57. Kc6 Bc2 58. Kc5 g5 59. Bf3 Rc1 60. Kd4 Bg6 61. Ne4 Kh6 62. Bf6 Bxe4 63. Bxe4 g4 64. Ke3 Kh5 65. Kf4 Rf1+ 66. Ke5 g3 67. Be7 Kg4 68. Bc5 Rc1 69. Be3 Re1 70. Bd4 g2 71. Kd5 g1Q 72. Bxg1 Rxg1 73. Kd4 Kf4 74. Bd3 Rd1 75. Kc3 Ke3 76. Bc2 Rc1 77. Kb2 Kd2 78. Bg6 Rc6 79. Bb1 Rb6+ 80. Ka1 Kc3 81. Ba2 Rh6 82. Bb1 Rh2 83. Ba2 Kc2 84. Bb1+ Kc1 85. Ba2 Rb2 86. Bf7 Rb1+ 87. Ka2 Rb7 88. Be6 Kc2 89. Bf5+ Kc3 90. Ka1 Rf7 91. Bg6 Rf6 92. Bh7 Ra6+ 93. Kb1 Kb3 94. Kc1 Ra1+ 95. Kd2 Rh1 96. Be4 Rh2+ 97. Ke3 Kc3 98. Bf3 Rh3 99. Ke4 Kd2 100. Bg4 Rh4 101. Kf4 Kd3 102. Kg5 Rh2 103. Bf5+ Ke3 104. Kf6 Kf4 105. Bg6 Rh6 106. Kg7 Kg5 107. Bh7 Ra6 108. Kh8 Ra7 109. Bg8 Kg6 110. Bc4 Rd7 111. Bg8 Kf6 112. Bb3 Rd3 113. Bc4 Rh3+ 114. Kg8 Rh4 115. Bb3 Rb4 0-1

[Event "COL Intercollegiate-chT U18"]
[Site "Palmira"]
[Date "2017.10.21"]
[Round "7.1"]
[White "Arrieta Hernandez, Cristian"]
[Black "Torres Cueto, Jesus Marcial"]
[Result "1-0"]
[WhiteElo "1735"]
[BlackElo "2128"]
[PlyCount "71"]
[EventDate "2017.10.19"]
[EventType "swiss"]
[EventRounds "12"]
[EventCountry "COL"]
[SourceTitle "CBM 181 Extra"]
[Source "ChessBase"]
[SourceDate "2017.12.12"]
[SourceVersion "1"]
[SourceVersionDate "2017.12.12"]
[SourceQuality "1"]

1. e4 e6 2. d4 d5 3. exd5 exd5 4. Bd3 Bd6 5. Nf3 Ne7 6. 0-0 0-0 7. Re1 Bf5 8. Nc3 c6 9. Nh4 Bxd3 10. Qxd3 Na6 11. Ne2 Qc7 12. Ng3 Rae8 13. Bd2 c5 14. c3 cxd4 15. Qxd4 Nc5 16. Bh6 gxh6 17. Nh5 f6 18. Qg4+ Ng6 19. Rxe8 Rxe8 20. Nxg6 Kf7 21. Nh4 Rg8 22. Qf5 Bxh2+ 23. Kh1 Rg5 24. Qxf6+ Kg8 25. Qxh6 Ne4 26. Nf6+ Nxf6 27. Qxg5+ Kf7 28. g3 Qb6 29. Kxh2 Qxf2+ 30. Ng2 h6 31. Qf4 Qe2 32. Rf1 Qe6 33. Qc7+ Ke8 34. Qb8+ Ke7 35. Qxb7+ Nd7 36. Re1 1-0

[Event "COL Intercollegiate-chT U18"]
[Site "Palmira"]
[Date "2017.10.21"]
[Round "5.3"]
[White "Velez Rueda, Juan Diego"]
[Black "Arrieta Hernandez, Cristian"]
[Result "0-1"]
[WhiteElo "1865"]
[BlackElo "1735"]
[PlyCount "58"]
[EventDate "2017.10.19"]
[EventType "swiss"]
[EventRounds "12"]
[EventCountry "COL"]
[SourceTitle "CBM 181 Extra"]
[Source "ChessBase"]
[SourceDate "2017.12.12"]
[SourceVersion "1"]
[SourceVersionDate "2017.12.12"]
[SourceQuality "1"]

1. d4 Nf6 2. c4 e6 3. Nf3 d5 4. Nc3 c6 5. cxd5 exd5 6. Qc2 h6 7. Bf4 Na6 8. a3 Bd6 9. Bxd6 Qxd6 10. e3 Nc7 11. Bd3 0-0 12. 0-0 Re8 13. b4 a5 14. Rab1 Be6 15. Rfc1 axb4 16. axb4 Nd7 17. b5 c5 18. b6 Na6 19. Bxa6 bxa6 20. dxc5 Qxc5 21. Na4 Qxc2 22. Rxc2 Bf5 23. Rc7 Bxb1 24. Rxd7 Rac8 25. h3 Rc4 26. Nd4 Rxa4 27. b7 Rxd4 28. exd4 Rb8 29. Rc7 Bf5 0-1

[Event "COL-ch Superate fin-B"]
[Site "Bogota"]
[Date "2016.11.17"]
[Round "2.4"]
[White "Ribero, Guillermo Andres"]
[Black "Arrieta Hernandez, Cristian"]
[Result "0-1"]
[WhiteElo "1835"]
[BlackElo "1728"]
[PlyCount "116"]
[EventDate "2016.11.17"]
[EventType "swiss (rapid)"]
[EventRounds "5"]
[EventCountry "COL"]
[SourceTitle "EXT 2024"]
[Source "ChessBase"]
[SourceDate "2023.10.10"]
[SourceVersion "1"]
[SourceVersionDate "2023.10.10"]
[SourceQuality "1"]

1. e4 c5 2. Nf3 d6 3. d4 cxd4 4. Nxd4 Nf6 5. Nc3 g6 6. Be3 Bg7 7. f3 Nc6 8. Qd2 0-0 9. 0-0-0 Nxd4 10. Bxd4 Be6 11. Kb1 Qc7 12. h4 h5 13. g4 a6 14. gxh5 Nxh5 15. Bxg7 Kxg7 16. Bd3 b5 17. Rhg1 Rh8 18. f4 b4 19. Nd5 Bxd5 20. exd5 Qc5 21. f5 Qxd5 22. Qxb4 Rhb8 23. Qg4 Qe5 24. b3 Nf6 25. Qg2 Nd5 26. Rde1 Nc3+ 27. Ka1 Ne2+ 28. Kb1 Nc3+ 29. Ka1 Ne2+ 30. Kb1 Nc3+ 31. Kc1 Nxa2+ 32. Kd2 Qf4+ 33. Re3 Qb4+ 34. Ke2 Nc3+ 35. Kf2 Qxh4+ 36. Kf1 Qf4+ 37. Rf3 Qc1+ 38. Kf2 Nd1+ 39. Ke2 Nc3+ 40. Kf2 Qd2+ 41. Kf1 Qxg2+ 42. Rxg2 Rh8 43. fxg6 f6 44. Ke1 Rh1+ 45. Kd2 Nb1+ 46. Ke3 d5 47. Kd4 Rc8 48. Kxd5 Nc3+ 49. Kd4 e5+ 50. Ke3 e4 51. Bxe4 Re1+ 52. Kd2 Rd1+ 53. Ke3 Re8 54. Rg4 Nxe4 55. Kf4 Rd4 56. Rd3 Rxd3 57. cxd3 Ng5 58. Rg1 Nh3+ 0-1